महकते उजाले (Record no. 14780)
[ view plain ]
| 000 -LEADER | |
|---|---|
| fixed length control field | 01250nam a22002777a 4500 |
| 005 - DATE AND TIME OF LATEST TRANSACTION | |
| control field | 2008081101331.0 |
| 008 - FIXED-LENGTH DATA ELEMENTS--GENERAL INFORMATION | |
| fixed length control field | 080811t xxu||||| |||| 00| 0 hin d |
| 010 ## - LCCN (DPL NO) | |
| LC control number | HIN-83897 |
| 020 ## - INTERNATIONAL STANDARD BOOK NUMBER | |
| Terms of availability | 150.00 |
| 035 ## - SYSTEM CONTROL NUMBER | |
| System control number | HN-56243 |
| 037 ## - SOURCE OF ACQUISITION | |
| Source of stock number/acquisition | DBAD / PUB |
| 040 ## - CATALOGING SOURCE | |
| Original cataloging agency | DPL |
| Language of cataloging | HN |
| 082 ## - DEWEY DECIMAL CLASSIFICATION NUMBER | |
| Classification number | 841 |
| 245 ## - TITLE STATEMENT | |
| Title | महकते उजाले |
| Remainder of title | ( हिन्दी-उर्दू काव्य-संग्रह )/ |
| Statement of responsibility, etc | ए.वी. भारती 'आदिक' |
| 246 ## - VARYING FORM OF TITLE | |
| Title proper/short title | Mahakate ujale |
| Remainder of title | by A. V.Bharati 'Aadik' |
| 260 ## - PUBLICATION, DISTRIBUTION, ETC. (IMPRINT) | |
| Place of publication, distribution, etc | सोनीपत |
| Name of publisher, distributor, etc | अदबी संगम हरियाणा |
| Date of publication, distribution, etc | 2006 |
| 260 ## - PUBLICATION, DISTRIBUTION, ETC. (IMPRINT) | |
| Place of publication, distribution, etc | सोनीपत |
| Name of publisher, distributor, etc | भारती पब्लिकेशन |
| Date of publication, distribution, etc | 2006 |
| 270 ## - ADDRESS | |
| Address | 12 / 516, Batra Colony |
| City | Sonipat |
| Postal code | 131001 |
| Telephone number | 0130-2246390, 92555277788 |
| 300 ## - PHYSICAL DESCRIPTION | |
| Extent | 304पृ. |
| Dimensions | 22 सेमी (सजिल्द) |
| 500 ## - GENERAL NOTE | |
| General note | 42 रचनाकारों की रचनायें |
| 650 ## - SUBJECT ADDED ENTRY--TOPICAL TERM | |
| Topical term or geographic name as entry element | ऊर्दू कविता |
| 650 ## - SUBJECT ADDED ENTRY--TOPICAL TERM | |
| Topical term or geographic name as entry element | Urdu Poetry |
| 700 ## - ADDED ENTRY--PERSONAL NAME | |
| Personal name | भारती, ए. वी. 'आदिक' |
| 942 ## - ADDED ENTRY ELEMENTS (KOHA) | |
| Source of classification or shelving scheme | Dewey Decimal Classification |
| Item type | Hindi Books |
| Classification part | 841 |
| Call number suffix | महक |
| Withdrawn status | Lost status | Source of classification or shelving scheme | Damaged status | Not for loan | Home library | Current library | Date acquired | Source of acquisition | Cost, normal purchase price | Total Checkouts | Full call number | Barcode | Date last seen | Copy number | Cost, replacement price | Koha item type |
|---|---|---|---|---|---|---|---|---|---|---|---|---|---|---|---|---|
| Dewey Decimal Classification | Not For Loan | D.B.Act.Division | D.B.Act.Division | 11/08/2008 | DBAD / PUB | 150.00 | 841 महक | HN-56243 | 15/09/2008 | 1 | 150.00 | Hindi Books |
